Extreme financial risks and asset allocation /

Bibliographic Details
Main Authors: Le Courtois, Olivier, (Author), Walter, Christian, (Author)
Format: eBook
Language:English
Published: London : Imperial College Press, [2014]
Series:Series in quantitative finance ; volume 5.
Subjects:
Online Access:Click to View
LEADER 01834nam a2200445 i 4500
001 EBC1647275
003 MiAaPQ
005 20200520144314.0
006 m o d |
007 cr cnu||||||||
008 140314t20142014enkad ob 001 0 eng|d
020 |z 9781783263080 
020 |a 9781783263097  |q (electronic bk.) 
035 |a (MiAaPQ)EBC1647275 
035 |a (Au-PeEL)EBL1647275 
035 |a (CaPaEBR)ebr10845323 
035 |a (CaONFJC)MIL580862 
035 |a (OCoLC)873140355 
040 |a MiAaPQ  |b eng  |e rda  |e pn  |c MiAaPQ  |d MiAaPQ 
050 4 |a HG4529.5  |b .C68 2014 
100 1 |a Le Courtois, Olivier,  |e author. 
245 1 0 |a Extreme financial risks and asset allocation /  |c Olivier Courtois, EM Lyon Business School, France, Christian Walter, Fondation Maison des Sciences de l'Homme, France. 
264 1 |a London :  |b Imperial College Press,  |c [2014] 
264 4 |c 2014 
300 |a 1 online resource (370 pages) :  |b illustrations. 
336 |a text  |2 rdacontent 
337 |a computer  |2 rdamedia 
338 |a online resource  |2 rdacarrier 
490 1 |a Series in quantitative finance,  |x 1756-1604 ;  |v volume 5 
504 |a Includes bibliographical references and index. 
588 |a Description based on online resource; title from PDF title page (ebrary, viewed April 4, 2014). 
590 |a Electronic reproduction. Ann Arbor, MI : ProQuest, 2015. Available via World Wide Web. Access may be limited to ProQuest affiliated libraries. 
650 0 |a Portfolio management. 
650 0 |a Investment analysis. 
650 0 |a Stock price forecasting. 
655 4 |a Electronic books. 
700 1 |a Walter, Christian,  |e author. 
797 2 |a ProQuest (Firm) 
830 0 |a Series in quantitative finance ;  |v volume 5. 
856 4 0 |u https://ebookcentral.proquest.com/lib/matrademy/detail.action?docID=1647275  |z Click to View